| 000 | 01059cam a2200301 4500 | ||
|---|---|---|---|
| 008 | 090401t1993 xxu||||| |||| 00| 0 eng d | ||
| 020 | _a1857280601 | ||
| 035 | _a(Sirsi) u46018 | ||
| 041 | _aeng | ||
| 050 | _a711.552 | ||
| 245 | _aRetail change: contemporary issues. | ||
| 260 |
_aLondon _bUCL Press _c1993 |
||
| 300 | _axi,283p. ; 24cm. | ||
| 350 | _a12.95 | ||
| 520 | _aDeals with the internationalization of retailing, the development of shopping centres in the city and at suburban sites, and the growth of "leisure shopping". It provides an up- to-date review of the central questions faced by undergraduate students in planning, business studies and geography. | ||
| 650 | _aCHANGE | ||
| 650 | _aCITY CENTRES | ||
| 650 | _aDEVELOPMENT | ||
| 650 | _aPLANNING | ||
| 650 | _aRETAIL | ||
| 650 | _aRETAILING | ||
| 650 | _aSHOPPING CENTRES | ||
| 650 | _aSOCIAL ISSUES | ||
| 690 | _aPROPERTY-COMMERCIAL PROPERTY-RETAIL PROPERTY | ||
| 700 |
_aBromley, Rosemary D.F. & Thomas, Colin J., _xEditor |
||
| 942 | _n0 | ||
| 948 | _c04/03/1997 | ||
| 999 |
_c91864 _d91864 |
||